Формирование функционального многослойного биокомпозита на основе наночастиц серебра и гидроксиапатита на поверхности титана для медицинского применения: диссертация на соискание учёной степени кандидата технических наук; спец. 1.3.8; спец. 2.2.12
| 第一著者: | |
|---|---|
| 団体著者: | |
| その他の著者: | |
| 要約: | Заглавие с титульного экрана Электронная версия печатной публикации Защита сост. 26.06.2024 На правах рукописи Текстовый файл |
| 言語: | ロシア語 |
| 出版事項: |
Томск, 2024
|
| 主題: | |
| オンライン・アクセス: | https://earchive.tpu.ru/handle/11683/78130 |
| フォーマット: | 電子媒体 図書 |
| KOHA link: | https://koha.lib.tpu.ru/cgi-bin/koha/opac-detail.pl?biblionumber=672489 |
MARC
| LEADER | 00000nam0a2200000 4500 | ||
|---|---|---|---|
| 001 | 672489 | ||
| 005 | 20240729092754.0 | ||
| 090 | |a 672489 | ||
| 100 | |a 20240514d2024 k||y0rusy50 ca | ||
| 101 | 0 | |a rus | |
| 102 | |a RU | ||
| 105 | |a a m 001yy | ||
| 135 | |a drcn ---uucaa | ||
| 181 | 0 | |a i |b e | |
| 182 | 0 | |a b | |
| 183 | 0 | |a cr |2 RDAcarrier | |
| 200 | 1 | |a Формирование функционального многослойного биокомпозита на основе наночастиц серебра и гидроксиапатита на поверхности титана для медицинского применения |e диссертация на соискание учёной степени кандидата технических наук |e спец. 1.3.8 |e спец. 2.2.12 |f А. А. Шаронова |g науч. рук. М. А. Сурменева ; Национальный исследовательский Томский политехнический университет | |
| 203 | |a Текст |c электронный |b визуальный | ||
| 210 | 1 | |a Томск |d 2024 | |
| 215 | |a 1 файл (6 269 КБ, 116 с.) |c pdf | ||
| 283 | |2 RDAcarrier |a online_resource | ||
| 300 | |a Заглавие с титульного экрана | ||
| 300 | |a Электронная версия печатной публикации | ||
| 300 | |a Защита сост. 26.06.2024 | ||
| 320 | |a Список литературы: с. 101-114 (206 назв.) | ||
| 333 | |a На правах рукописи | ||
| 336 | |a Текстовый файл | ||
| 606 | 1 | |a Медицинское материаловедение |9 76620 | |
| 610 | 1 | |a электронный ресурс | |
| 610 | 1 | |a диссертации | |
| 610 | 1 | |a труды учёных ТПУ | |
| 610 | 1 | |a послеоперационные осложнения | |
| 610 | 1 | |a биокомпозиты | |
| 610 | 1 | |a многослойность | |
| 610 | 1 | |a гетерогенные системы | |
| 610 | 1 | |a многослойные биокомпозиты | |
| 610 | 1 | |a многослойные системы | |
| 610 | 1 | |a многослойные покрытия | |
| 610 | 1 | |a модифицирование | |
| 610 | 1 | |a имплантаты | |
| 610 | 1 | |a серебросодержащие композиты | |
| 610 | 1 | |a гидроксиапатиты | |
| 610 | 1 | |a наночастицы серебра | |
| 610 | 1 | |a кальций-фосфатные покрытия | |
| 610 | 1 | |a детерминированные структуры | |
| 610 | 1 | |a магнетронное распыление | |
| 610 | 1 | |a электрофоретическое осаждение | |
| 610 | 1 | |a заданные свойства | |
| 610 | 1 | |a восстановление | |
| 610 | 1 | |a физико-механические свойства | |
| 610 | 1 | |a биосовместимость | |
| 610 | 1 | |a антибактериальное действие | |
| 610 | 1 | |a медицинское материаловедение | |
| 675 | |a 615.4(04) |v 4 | ||
| 686 | |2 oksvnk |a 01.04.07 | ||
| 686 | |2 oksvnk |a 05.11.17 | ||
| 700 | 1 | |a Шаронова |b А. А. |c физик |c лаборант Томского политехнического университета |f 1990- |g Анна Александровна |9 14995 | |
| 702 | 1 | |a Сурменева |b М. А. |c специалист в области материаловедения |c инженер-исследователь Томского политехнического университета, старший научный сотрудник |f 1984- |g Мария Александровна |9 11705 |4 695 | |
| 712 | 0 | 2 | |a Национальный исследовательский Томский политехнический университет |c (2009- ) |9 26305 |4 070 |
| 801 | 0 | |a RU |b 63413507 |c 20240514 |g RCR | |
| 850 | |a 63413507 | ||
| 856 | 4 | |u https://earchive.tpu.ru/handle/11683/78130 |z https://earchive.tpu.ru/handle/11683/78130 | |
| 942 | |c CF | ||